Top ten most common fish in colorado - Statistics

General Stats
  • This quiz has been taken 9 times
  • The average score is 4 of 10
Answers on the Grid
Answers color-coded by a green-red scale on the quiz's grid according to % correct below.
Rainbow trout
Brown trout
walleye
largemouth bass
smallmouth bass
channel catfish
brook trout
lake trout
Kokanee salmon
Northern pike
Yellow perch
green sunfish
cutthroat trout
white sucker
bluegill
common carp
black crappie
mountain whitefish
black bullhead catfish
Splake
 
Answer Stats
Answer % Correct
Brown trout
100%
Rainbow trout
100%
largemouth bass
60%
smallmouth bass
40%
walleye
40%
brook trout
20%
channel catfish
20%
Kokanee salmon
20%
lake trout
20%
Northern pike
20%
No matching quizzes found
Score Distribution
Percent of People with Each Score
Percentile by Number Answered
Your Score History
You have not taken this quiz